LEADER 01245nam a2200229 i 4500 001 000000027092 003 CaOOAMICUS 005 20220916163120.0 008 180830s1968 gw u000 u lat u 040 $aSeMil$bita 245 00$aKirche und Staat /$cherausgegeben von Eduard Eichmann. 260 $aMünchen ; Paderborn ; Wien :$bFerdinand Schöningh,$c1968. 300 $a2 v. ;$c23 cm. 500 $aLa maggior parte dei testi raccolti è in latino. - V. 1 è rist. della 2. ed. Paderborn : F. Schöningh del 1925 ; v. 2 è rist. della 1. ed. Paderborn : F. Schöningh del 1914. 650 4$aChiesa e Stato.$0(OLS)http://semarc/subject/1242 650 4$aDiritto ecclesiastico.$0(OLS)http://semarc/subject/933 700 1 $aEichmann, Eduard,$d<1870-1946>.$0(OLS)http://semarc/name/854 774 0 $t1: von 750-112.$kQuellensammlung zur krichlichen Rechtsgeschichte und zum Kirchenrecht$w()52902 774 0 $tVon 1122 bis zur Mitte des 14. Jahrhunderts.$kQuellensammlung zur krichlichen Rechtsgeschichte und zum Kirchenrecht$w()214427 996 $6245$aKirche und Staat$9(OLS)http://semarc/title/36624 996 $6260$aMünchen ; Paderborn ; Wien :$bFerdinand Schöningh$9(OLS)http://semarc/publisher/34975 LEADER 00980nam a2200205 i 4500 001 000000194039 003 CaOOAMICUS 005 20101103000000.0 008 101103s1933 it u000 u ita u 013 $a172685 040 $aSeMil$bita 245 12$aI santi Aimo e Vermondo Corio e il più antico documento della loro tradizione (le figure son riprodotte dal manoscritto originale) 260 $a[S.l. :$bs.n.],$c1933. 300 $a47 p. :$bill. ;$c24 cm. 600 04$aAimo : Corio .$0(OLS)http://semarc/subject/36441 600 04$aVermondo : Corio .$0(OLS)http://semarc/subject/36442 850 $aSeMil 852 $aSeMil$W1$xVenegono$y1$m3J III 118$j144613$B144613$CSeMilBibl$Z2$F155944 $81 996 $6245$aI santi Aimo e Vermondo Corio e il più antico documento della loro tradizione (le figure son riprodotte dal manoscritto originale)$9(OLS)http://semarc/title/279735 996 $6260$a[S.l. :$bs.n.]$9(OLS)http://semarc/publisher/29751